000 00282nam a22001337a 4500
008 180814b xxu||||| |||| 00| 0 eng d
041 _aeng
080 _a32
082 _a32
100 _a19
101 _aPOL
245 _aSocial Class in America
_cWarner,W.Ll
942 _2udc
_cBK
999 _c47139
_d47139